000 02585nam0a2200457 4500
001 RU\NLR\bibl\611714
005 20260405071650.0
021 _aRU
_b2004-74485
_93673
035 _a(NLR Aleph) 000603608
090 _a9547
_c9547
100 _a20050219d2004 |||y0rusy50 ca
101 0 _arus
_deng
102 _aRU
105 _aa |||||||||
135 _acrmn mmmanaba
200 1 _aТеплофизические и транспортные свойства жидкого и газообразного водорода
_fС.Д. Бондаренко, В.А. Митюхляев
210 _aГатчина
_cПИЯФ
_d2004
215 _a33 с.
_cил.
_d21
225 1 _aПрепринт
_fРос. акад. наук, Петерб. ин-т ядер. физики им. Б.П. Константинова
_v2578. ПИЯФ-2004
300 _aРез. на англ. яз.
313 _aректификация водорода реактора ПИК
313 _aИзотопы
320 _aБиблиогр.: с. 30-33 (51 назв.)
325 1 _aКопия доступна в электронной библиотеке РНБ
606 1 _aЯдерные реакторы исследовательские ПИК
_xЭкспериментальные исследования
_92371209
_3RU\NLR\auth\661415334
606 1 _aПИК, исследовательские ядерные реакторы
_xЭкспериментальные исследования
_92371211
_3RU\NLR\auth\661415335
606 0 _aНейтроны холодные
_xИсточники
_xКриогенные системы
_92105573
_3RU\NLR\auth\661272970
606 0 _aХолодные нейтроны
_xИсточники
_xКриогенные системы
_92370473
_3RU\NLR\auth\661414913
606 0 _aВодород
_xИзотопы
_xТеплофизические свойства
_92370490
_3RU\NLR\auth\661414922
686 _aЗ466-01-07
686 _aВ381.25
700 1 _4070
_8rus
_7ca
_aБондаренко
_bС.Д.
_cфизик
_3RU\NLR\auth\7724555
_97605
701 1 _4070
_8rus
_7ca
_aМитюхляев
_bВ.А.
_3RU\NLR\auth\7724557
_97607
801 0 _aRU
_bNLR
_c20050219
_gPSBO
801 1 _aRU
_bNLR
_c20050219
901 _eКнижные издания
942 _cBOOK
980 _aNB
981 1 3 _a(13) Документы, защищенные авторским правом
_b(13) Современная научная, научно-популярная и популярная л